000 00837nam a22002297a 4500
999 _c7818
_d7818
003 AR-CdUCM
008 190321b ||||| |||| 00| 0 spa d
040 _aMUNICIPALIDAD PROVINCIAL DEL CUSCO
_cBIBLIOTECA MUNICIPAL DEL CUSCO
041 _hita
082 _a520.9 /
_bA12
100 _aAbetti, Giorgio
_922101
245 _aHistoria de la astronomía /
260 _aMéxico, D.F :
_bFondo de Cultura Económica,
_c1956.
300 _a386 páginas ;
_c17 cm.
440 _aBreviarios del Fondo de Cultura Económica.
_n118
_922102
505 _aPeriodos de la historia de la astronomía -- La astronomía antigua -- Astronomía medieval -- Reforma de la astronomía -- La época moderna ...
650 _aAstronomía
_920572
650 _aHistoria
_9136
700 _aRossi, Alejandro
_922103
942 _2ddc
_cLIBROS
945 _aacv